| 000 | 00840nmc a2200325 a 4500 | ||
|---|---|---|---|
| 003 | AR-BaBNM | ||
| 005 | 20251128204346.0 | ||
| 008 | 135119s1993 ||||||||||||||000 | spa|| | ||
| 020 | _a950-9732-21-4 | ||
| 040 | _cAR-BaBNM | ||
| 100 | 1 | _aMontes, Graciela | |
| 245 | 1 | 0 | _aLos derechos de los que trabajan |
| 250 | _a4ยช ed. | ||
| 260 |
_aBuenos Aires _bCoquena Grupo Editor _c1993 |
||
| 300 |
_ap. irreg. _bil. |
||
| 490 | 0 |
_aEntender y participar _vv. 18 |
|
| 521 | _aPRIMARIO | ||
| 610 | 2 | 4 | _aPartido Justicialista |
| 650 | 4 | _aEDUCACION CIVICA | |
| 650 | 4 | _aMOVIMIENTO OBRERO | |
| 650 | 4 | _aSINDICATOS | |
| 650 | 4 | _aRELACIONES LABORALES | |
| 650 | 4 | _aSOCIALISMO | |
| 650 | 4 | _aCIENCIAS SOCIALES | |
| 651 | 4 | _aArgentina | |
| 653 | _aPERONISMO | ||
| 700 | 1 |
_aKern, Sergio _eilustrador |
|
| 942 | _cBK | ||
| 998 | _cHector | ||
| 999 |
_c7146 _d7146 |
||